| 000 | 00817nam a2200205 4500 | ||
|---|---|---|---|
| 999 |
_c64062 _d64062 |
||
| 003 | Ge_BSU | ||
| 005 | 20260318121855.0 | ||
| 008 | 260318s2005 ge ||||| |||| 00| 0 geo d | ||
| 020 | _a0131424106 | ||
| 041 | _ageo | ||
| 080 | _a339.138 ა-59 | ||
| 100 |
_aარმსტრონგი, გარი _927157 |
||
| 245 |
_aმარკეტინგის საფუძვლები / _cგარი არმსტრონგი, ფილიპ კოტლერი. |
||
| 250 | _aმეშვიდე გამოცემა | ||
| 264 |
_aთბილისი, _c2005. |
||
| 300 |
_a706 გვ.: _bდანართები; _c29 სმ. |
||
| 653 | _aმარკეტინგი | ||
| 700 |
_aკოტლერი, ფილიპ. _eავტორი _915615 |
||
| 942 |
_2udc _cᲬᲘᲒᲜᲘ |
||